| 000 | 00408 a2200157 4500 | ||
|---|---|---|---|
| 005 | 20250318075933.0 | ||
| 020 | _a0-675-20984-6 | ||
| 082 | _a658.87 LEW | ||
| 100 | _aLEWISON, D. M. | ||
| 245 | _aRetailing | ||
| 250 | _a3rd Ed. | ||
| 260 |
_aToronto, _bMerrill Publishing Company, _c1989. |
||
| 300 |
_axvi, 798p.: ill.; figure, picture, table _bIndex _c25cm. |
||
| 700 | _aDeLOZIER, M. W. | ||
| 942 |
_2ddc _cBKS |
||
| 999 |
_c851 _d851 |
||